Dieťa ako spotrebiteľ bakalárska práca

Guardado en:
Detalles Bibliográficos
Autor principal: Takáčová, Miriam
Autor Corporativo: Obchodná fakulta EU. Katedra marketingu
Otros Autores: Korčoková, Marína, 1970-
Formato: Libro
Lenguaje:eslovaco
Publicado: Bratislava 2010
Etiquetas: Agregar Etiqueta
Sin Etiquetas, Sea el primero en etiquetar este registro!

MARC

LEADER 00000nam$a2200000$$$4500
001 0135119
005 20240320074031.9
041 0 |a slo 
044 |a SK 
245 1 0 |a Dieťa ako spotrebiteľ  |b bakalárska práca  |c Miriam Takáčová ; školiteľ: Marína Korčoková 
264 1 |a Bratislava  |c 2010 
300 |a 58 s. 
100 1 |a Takáčová, Miriam 
700 1 |a Korčoková, Marína, 1970- 
710 2 |a Obchodná fakulta EU. Katedra marketingu